| 000 | 00642nam a2200193 i 4500 | ||
|---|---|---|---|
| 001 | 81445 | ||
| 003 | ES-MaACL | ||
| 005 | 20250901091100.0 | ||
| 007 | t| | ||
| 008 | 041104s1980 sp ||||1| spa d | ||
| 100 | 1 |
_aHuré, F. _964762 |
|
| 245 | 1 | 0 |
_aRadiorreceptores con transistores y circuitos integrados _b: reparación y puesta a punto / _cF. Huré ; [traducido por Alejandro Yaque]. |
| 260 |
_aMadrid : _bParaninfo, _c1980. |
||
| 300 |
_a162 p. ; _c22 cm. |
||
| 650 | 7 |
_aRadiotransistores- _xReparación _2 _9165397 |
|
| 700 | 1 |
_aYaque Herrador, Alejandro. _9117578 |
|
| 852 |
_aES-MaACL _jL-177 _bR.100936 |
||
| 999 |
_c81445 _d81445 |
||